| 000 | 00511nam a2200181Ia 4500 | ||
|---|---|---|---|
| 005 | 20250508151457.0 | ||
| 008 | 008 250505s9999 xx 000 0 hin d | ||
| 037 | _aBooks to be hide in OPAC | ||
| 040 |
_aFEDL _beng _cFEDL |
||
| 041 |
_ahin _2hin |
||
| 084 |
_a155.2, GRA/O _qFEDL |
||
| 100 |
_aGraham J M _9505514 |
||
| 245 | 0 | _aVyaktitv is ke vikas ke upaay | |
| 260 |
_aDelhi, India _bRajkamal Prakashan _c1949 |
||
| 300 | _a80p. | ||
| 942 |
_cHB _h155.2, GRA/O |
||
| 999 |
_c1330068 _d1330068 |
||